<?xml version="1.0" encoding="UTF-8"?>
<record
    xmlns:xsi="http://www.w3.org/2001/XMLSchema-instance"
    xsi:schemaLocation="http://www.loc.gov/MARC21/slim http://www.loc.gov/standards/marcxml/schema/MARC21slim.xsd"
    xmlns="http://www.loc.gov/MARC21/slim">

  <leader>01168nam a22001457a 4500</leader>
  <controlfield tag="008">191203b        xxu||||| |||| 00| 0 eng d</controlfield>
  <datafield tag="020" ind1=" " ind2=" ">
    <subfield code="a">9788361156390</subfield>
  </datafield>
  <datafield tag="082" ind1=" " ind2=" ">
    <subfield code="a">707</subfield>
    <subfield code="b">B997m</subfield>
  </datafield>
  <datafield tag="100" ind1=" " ind2=" ">
    <subfield code="a">Parczewska, Maria y Byszewski, Janusz</subfield>
    <subfield code="9">7266</subfield>
  </datafield>
  <datafield tag="245" ind1=" " ind2=" ">
    <subfield code="a">Museum as a Social Sculpture</subfield>
  </datafield>
  <datafield tag="260" ind1=" " ind2=" ">
    <subfield code="a">Varsovia</subfield>
    <subfield code="b">Centre for Contemporary Art Ujazdowski Castle</subfield>
    <subfield code="c">2012</subfield>
  </datafield>
  <datafield tag="300" ind1=" " ind2=" ">
    <subfield code="a">160 p</subfield>
    <subfield code="b">ill (col).</subfield>
    <subfield code="c">21 x 24 cm</subfield>
  </datafield>
  <datafield tag="505" ind1=" " ind2=" ">
    <subfield code="t">Introduction</subfield>
    <subfield code="r">Maria Parczewska</subfield>
    <subfield code="t">Museum as a social sculpture </subfield>
    <subfield code="r">Janusz Byszewski</subfield>
    <subfield code="t">Family atmosphere </subfield>
    <subfield code="r">Maria Parczewska</subfield>
    <subfield code="t">Laboratory in Manhattan - Between the Artist and Viewer </subfield>
    <subfield code="r">Maria Parczewska</subfield>
    <subfield code="t">A Guide to Manhattan - a continuation (1995/96 - 2010/11)</subfield>
    <subfield code="r">Janusz Byszewski</subfield>
    <subfield code="t">Home - a road to Supra&#x15B;la</subfield>
    <subfield code="r">Katarzyna Bara&#x144;ska</subfield>
    <subfield code="t">Project 4 x Pier&#xF3;g recalled </subfield>
    <subfield code="r">Janusz Byszewski and Maria Parczewskain in conversation with Malgorzata Musza&#x144;ska.</subfield>
    <subfield code="t">Participation - museum instruction manual</subfield>
    <subfield code="r">Maria Parczewskain</subfield>
    <subfield code="t">26 definitions of art per square meter</subfield>
    <subfield code="r">Klara Kopci&#x144;ska</subfield>
    <subfield code="t">Museum without walls. The open space of Art.</subfield>
    <subfield code="r">Patrycja Jastrz&#x119;bska</subfield>
  </datafield>
  <datafield tag="650" ind1=" " ind2=" ">
    <subfield code="2">Arte contempor&#xE1;neo</subfield>
    <subfield code="v">Arte - educaci&#xF3;n </subfield>
    <subfield code="x">Arte - exhibiciones </subfield>
    <subfield code="x">Arte - museos</subfield>
    <subfield code="x">Arte - escultura</subfield>
    <subfield code="z">Arte - Varsovia</subfield>
    <subfield code="9">7267</subfield>
  </datafield>
  <datafield tag="999" ind1=" " ind2=" ">
    <subfield code="c">1883</subfield>
    <subfield code="d">1883</subfield>
  </datafield>
  <datafield tag="952" ind1=" " ind2=" ">
    <subfield code="0">0</subfield>
    <subfield code="1">0</subfield>
    <subfield code="2">ddc</subfield>
    <subfield code="4">0</subfield>
    <subfield code="7">0</subfield>
    <subfield code="a">LV</subfield>
    <subfield code="b">LV</subfield>
    <subfield code="c">Pensamiento</subfield>
    <subfield code="d">2019-12-03</subfield>
    <subfield code="l">0</subfield>
    <subfield code="o">707 B997m</subfield>
    <subfield code="r">2019-12-03 00:00:00</subfield>
    <subfield code="w">2019-12-03</subfield>
    <subfield code="y">01</subfield>
  </datafield>
</record>
